00346 a2200109 4500001001000000005001700010008004100027245006600068100002300134773006200157999001700219ART_4696520260410162032.0260409a 10aCABA. Rúbrica de documentación laboral en formato digital1 aDe Luca, Lorena F.0 tLiquidación de sueldosg- Nº 141 (feb. 2018)wREV44399 c34077d34077